02203nam a2200277uu 4500001000800000005001700008007001000025008004100035035001200076040001300088041000800101080000600109100004200115245024700157260001000404300001300414520125700427650002501684650002401709650002401733650005101757700003701808856006001845502001201905526000801917152637120260508093353.0co|||||||190529s2019 spa  a1526371 ccomduadb aspa aP10aCastaño Gómez , Melina 4auteaut10aConstrucción discursiva de la identidad política a partir de la teoría del discurso postestructuralista : estudio de caso del programa de gobierno de Sergio Fajardo para las elecciones de la alcaldía de la ciudad de Medellín en 2003 c2019. a1 CD ROM3 aSergio Fajardo ha sido, y sigue siendo en la actualidad, un actor de relevancia política tanto en el ámbito regional como en el ámbito nacional; debido a esto el presente trabajo indaga por la construcción discursiva de la identidad política con la que logró ganar las elecciones para la alcaldía de Medellín en 2003. Desde una postura teórica postestructuralista, se afirma que la construcción de los sistemas de significación es un proceso contingente y contextual que, respondiendo a las demandas sociales particulares, puede lograr una recomposición y un establecimiento de centros de sentido que dictaminan tanto la identidad de los sujetos como el sentido de sus prácticas. Es así como, desde un enfoque histórico-hermenéutico y por medio de un análisis de discurso aplicado al caso del programa de gobierno de Sergio Fajardo durante la campaña de 2003, se concluye que la identidad del candidato fue el resultado de una articulación discursiva de inconformidades de un variado número de movimiento tanto populares y comunitarios como académicos y empresariales que para la época demandaban mayor participación democrática y mejor manejo de los recursos públicos en la administración municipal. aIdentidad política aDiscurso político aPostestructuralismo aAnálisis del discurso - Aspectos políticos10aSalazar Prada, Ramón4thseths4 uhttp://bibliotecadigital.udea.edu.co/handle/10495/13424 b132c14 a134